000 01060nam a2200277Ia 4500
001 8443
003 BD-RjUL
005 20211208234605.0
008 140118s19581956ilua b 00110 eng d
035 _a(BD-RjUL)8488
040 _aIUL
_cIUL
_dBD-RjUL
_beng
041 _aeng
082 0 0 _a332.401
_bSTU 1958
090 _aHG221
_b.F561
245 0 0 _aStudies in the quantity theory of money /
_cedited by Milton Friedman ; with essays by Milton Friedman ... [et al.]
260 _aChicago :
_bUniversity of Chicago Press,
_cc1956 [Impression 1958].
300 _av, 265 p. :
_bill. ;
_c23 cm.
490 1 _aEconomics research studies of the Economics Research Center of the University of Chicago.
490 0 _aA Phoenix book ;
_vP561.
504 _aIncludes bibliographical references and index.
650 0 _aQuantity theory of money.
_910873
650 0 _aInflation (Finance)
_926286
700 1 _aFriedman, Milton,
_q1912-2006.
_912834
830 0 _aEconomics research studies (University of Chicago. Economics Research Center)
_959028
942 _2ddc
_cBK
999 _c8443
_d8443